MARC

Tag First Indicator Second Indicator Subfields
LEADER 00000cam a22000008a 4500
001 in00002047713
005 20151101063104.0
008 040504s2004 enk 000 0 eng
015 |a GBA4-X4232 
020 |a 0762311142 :  |c £63.50 
035 |a (OCoLC)ocm56447749 
040 |a UKM  |c UKM  |d OHX  |d VVC  |d TXA  |d UtOrBLW 
049 |a TXAM 
072 7 |a HD  |2 lcco 
082 0 4 |a 338.69  |2 22 
090 |a HD5650  |b .A327 2004 
245 0 0 |a Employee participation, firm performance and survival /  |c edited by Virginie Pérotin, Andrew Robinson. 
263 |a 200406 
264 1 |a Oxford :  |b Elsevier JAI,  |c 2004. 
300 |a xiv, 237 pages :  |b figures, tables ;  |c 23 cm. 
336 |a text  |b txt  |2 rdacontent 
337 |a unmediated  |b n  |2 rdamedia 
338 |a volume  |b nc  |2 rdacarrier 
490 1 |a Advances in the economic analysis of participatory and labor-managed firms ;  |v v. 8 
504 |a Includes bibliographical references. 
505 0 |a Does employee ownership enhance firm survival? /Rhokeun Park, Douglas Kruse and James Sesil -- Exclusion from employee ownership: evidence from Estonian case studies / Panu Kalmi -- Early cooperative survival: the liability of adolescence / Virginie Perotin -- Lessons from the history of democratic economic institutions: the case of the southern U.S. / Mark Klinedinst -- Motivating employee-owners in ESOP firms: human resource policies and company performance / Douglas Kruse, Richard Freeman, Joseph Blasi, Robert Buchele, Adria Scharf, Loren Rodgers and Chris Mackin -- Effects of profit sharing and employee share ownership on quits: evidence from a panel of French firms / Fathi Fakhfakh -- Profit-sharing, technical efficiency change and finance constraints / Ornella Wanda Maietta and Vania Sena -- Ownership and participation: a review of empirical evidence for transition economies / Derek C. Jones -- Privatization in Serbia: the difficult conversion of self-management into property rights / Milica Uvalic. 
650 0 |a Employee ownership. 
650 0 |a Management  |x Employee participation. 
650 0 |a Success in business. 
650 0 |a Employees  |x Rating of. 
700 1 |a Pérotin, Virginie A.  |q (Virginie Aida) 
700 1 |a Robinson, Andrew,  |d 1959 November 8- 
830 0 |a Advances in the economic analysis of participatory and labor-managed firms ;  |v v. 8. 
938 |a Otto Harrassowitz  |b HARR  |n har045019329  |c 95.00 EUR 
994 |a C0  |b TXA 
948 |a cataloged  |b h  |c 2005/5/4  |d c  |e bwalker  |f 9:05:31 am 
999 |a MARS 
999 f f |s cc19b45a-8d3d-3913-a0d9-019c38846d37  |i 4403fd4d-49ea-3c4b-b0c5-45f67ea1364f  |t 0 
952 f f |p ric  |a Texas A&M University  |b Rellis Campus  |c Joint Library Facility  |d Remote Storage  |t 0  |e HD5650 .A327 2004  |h Library of Congress classification  |i unmediated -- volume  |m A14832626295 
998 f f |a HD5650 .A327 2004  |t 0  |l Remote Storage